| 000 -LEADER |
| fixed length control field |
00833nam a2200253 a 4500 |
| 001 - CONTROL NUMBER |
| control field |
:::00011494$&:&@@ |
| 003 - CONTROL NUMBER IDENTIFIER |
| control field |
OkBaRHE |
| 005 - DATE AND TIME OF LATEST TRANSACTION |
| control field |
20100402115416.0 |
| 008 - FIXED-LENGTH DATA ELEMENTS--GENERAL INFORMATION |
| fixed length control field |
s1985 j 000 0 eng u |
| 020 ## - INTERNATIONAL STANDARD BOOK NUMBER |
| International Standard Book Number |
0060692510 |
| 040 ## - CATALOGING SOURCE |
| Transcribing agency |
|
| 100 1# - MAIN ENTRY--PERSONAL NAME |
| Personal name |
Butler, Alban, 1711-1773. |
| 245 10 - TITLE STATEMENT |
| Title |
Butler's Lives of the saints. |
| 250 ## - EDITION STATEMENT |
| Edition statement |
Concise ed. |
| 260 ## - PUBLICATION, DISTRIBUTION, ETC. (IMPRINT) |
| Place of publication, distribution, etc |
San Francisco, CA., : |
| Name of publisher, distributor, etc |
Harper & Row, Publishers |
| Date of publication, distribution, etc |
1985 |
| 300 ## - PHYSICAL DESCRIPTION |
| Extent |
466 p. ; |
| Dimensions |
25 cm. |
| 650 ## - SUBJECT ADDED ENTRY--TOPICAL TERM |
| Topical term or geographic name as entry element |
Catholic Church |
| General subdivision |
Prayer-books and devotions |
| -- |
English |
| 650 ## - SUBJECT ADDED ENTRY--TOPICAL TERM |
| Topical term or geographic name as entry element |
Christian saints |
| General subdivision |
Biography |
| 650 ## - SUBJECT ADDED ENTRY--TOPICAL TERM |
| Topical term or geographic name as entry element |
Devotional calendars |
| General subdivision |
Catholic Church |
| 700 ## - ADDED ENTRY--PERSONAL NAME |
| Personal name |
Walsh, Michael J., 1937- |
| 730 ## - ADDED ENTRY--UNIFORM TITLE |
| Uniform title |
Lives of the saints |
| 942 ## - ADDED ENTRY ELEMENTS (KOHA) |
| Source of classification or shelving scheme |
|
| Koha item type |
Books |